Normal view
MARC view
Entry Topical Term
001 - CONTROL NUMBER
- control field: 8606
003 - CONTROL NUMBER IDENTIFIER
- control field: BD-RjUL
005 - DATE AND TIME OF LATEST TRANSACTION
- control field: 20230827121322.0
008 - FIXED-LENGTH DATA ELEMENTS
- fixed length control field: 230827|| aca||aabn | a|a d
040 ## - CATALOGING SOURCE
- Original cataloging agency: BD-RjUL
- Transcribing agency: BD-RjUL
150 ## - HEADING--TOPICAL TERM
- Topical term or geographic name entry element: Biomechanics
- Form subdivision: Problems, exercises, etc.
670 ## - SOURCE DATA FOUND
- Source citation: Work cat.: (BD-RjUL)81782: Hall, Susan J. (Susan Jean), 1953- 8604, Basic biomechanics /, 2012.